| 000 | 00660nam a22001817a 4500 | ||
|---|---|---|---|
| 003 | LK-CoMWRAF | ||
| 005 | 20240217001457.0 | ||
| 008 | 231212b |||||||| |||| 00| 0 eng d | ||
| 020 | _a9789556250579 | ||
| 040 |
_aLK-CoMWRAF _dLK-CoMWRAF _eLK-CoMWRAF |
||
| 041 | _asin | ||
| 082 |
_a340.076 _bTIG |
||
| 100 | _aටිගල්. අර් මිසා | ||
| 110 | _aපියදාස. ත්යාගි | ||
| 245 | _aශ්රී ලංකාවේ පවුල් නීති පද්ධති ප්රතිනිර් මාණය කිරීම | ||
| 260 |
_aColombo : _bMuslim Women's Research and Action Forum - MWRAF, |
||
| 942 | _cBK | ||
| 999 |
_c4367 _d4367 |
||